01538nam a2200421 i 450000100060000000300080000600500170001400600190003100700150005000800410006502000180010602000270012403500230015103500240017403500250019803500210022304000310024405000200027508000080029508200120030310000380031524501220035326400430047530000410051833600310055933700330059033800430062350000230066650000680068950400290075758801230078665000150090965000190092465000370094365000470098065500270102785600620105442764FlNmELB20241216222055.0m o d | cr cnu||||||||160521s2014 sp ob 001 0 spa d z9788468155760 a9788468163611 (e-book) a(MiAaPQ)EBC4422012 a(Au-PeEL)EBL4422012 a(CaPaEBR)ebr11162147 a(OCoLC)984772200 aFINmELBbspaerdacFINmELB 4aQA76bV161 2014 a0040 a0042231 aValentín López, Gema María.10aManual aplicaciones informáticas de tratamiento de textos (Transversal: UF0320) /cGema María Valentín López. 1aMadrid :bEditorial CEP, S.L.,c[2014] a1 recurso en línea (155 páginas) atextobtxt2rdacontent/spa acomputadorabc2rdamedia/spa arecurso en líneabcr2rdacarrier/spa aContiene índice. aCertificado de profesionalidad, Módulo transversal--Cubierta. aContiene bibliografía. aDescripción basada en recurso en línea; Título de la página del título en PDF (e-libro, visto May 21, 2016). 0aComputers. 4aInformática. 0aText editors (Computer programs) 4aEditores de texto (Programas de ordenador) 4aLibros electrónicos.40uhttps://elibro.net/ereader/politecnicointernacional/51010